Biblioteca

Enciclopedia temática del estudiante (Registro nro. 31570)

Detalles MARC
000 -LÍDER
Campo fijo de descripción fija 002440000a22001210004500
041 0# - CÓDIGO DE IDIOMA
Código de idioma para texto/pista de sonido o título separado
082 04 - NÚMERO DE CLASIFICACIÓN DECIMAL DEWEY
Número de clasificación R 030 E511e
001 - NÚMERO DE CONTROL
Campo de control 13
245 10 - TÍTULO
Título del Material Enciclopedia temática del estudiante
300 ## - DESCRIPCIÓN FÍSICA
Extensión 543 p.
650 14 - ASIENTO SECUNDARIO DE MATERIA - TERMINO TEMÁTICO
Término temático o nombre geográfico como elemento de entrada ENCICLOPEDIAS
942 ## - TIPO DE MATERIAL (KOHA)
Tipo de Item KOHA Libros General
Existencias
Estado de Material Estado de Perdido Volumen-Parte/Tomo Estado de Dañado No para Préstamo Colección Tomo Biblioteca de Origen Biblioteca Permanente Fecha de Adquisición Total de Préstamos Signatura Topográfica Código de Barras Última vez visto Ejemplar/Existencia Fecha de Remplazo Tipo de Material
    1     Colección de Referencia   Biblioteca FUSBC Biblioteca FUSBC 19/08/2004   R 030 E511e 12288 12/12/2019 1 26/01/2016 Libros de Referencia

Biblioteca FUSBC | Teléfono: (57+4) 349 88 10 Ext. 141| WhatsApp (+57) 3005338115 
E-mail: biblioteca@unisbc.edu.co | Calle 76 87-14 Robledo Palenque, Medellín, Colombia

Con tecnología Koha